Normal view
MARC view
- Broadbent, Geoffrey
Entry Personal Name
001 - CONTROL NUMBER
- control field: 32571
003 - CONTROL NUMBER IDENTIFIER
- control field: NUST
005 - DATE AND TIME OF LATEST TRANSACTION
- control field: 20201019100324.0
008 - FIXED-LENGTH DATA ELEMENTS
- fixed length control field: 201019|| aca||aabn | a|a d
040 ## - CATALOGING SOURCE
- Original cataloging agency: NUST
- Transcribing agency: NUST
100 ## - HEADING--PERSONAL NAME
- Personal name: Broadbent, Geoffrey
670 ## - SOURCE DATA FOUND
- Source citation: Work cat.: (NUST)309: Broadbent, Geoffrey., Emerging concepts in urban space design /, 1990.
